000 00763nas a2200217 454500
001 18689
005 20260407193505.0
008 260407s1986####ag###########|||spa#d
003 AR-UNSa-BCEJYS
040 _aAR-UNSa-BCEJYS
_bspa
_cAR-UNSa-BCEJYS
080 _a327
_xRelaciones internacionales. Política internacional. Asuntos internacionales. Política exterior
245 1 0 _aTemas arabes
264 1 _aTúnez :
_bLiga de los Estado Arabes
_c1986
310 _aFrecuencia: trimestral
942 _cSER
590 _aniveau_biblio:s niveau_hierar:1
100 1 _aChakur, Muhammad
650 _aCultura árabe
650 _aRelaciones internacionales
856 4 1 _uhttps://biblioeco.unsa.edu.ar/pmb/images/revistas/Temas Arabes.jpg
_yImagen de portada
_qimage/jpeg
999 _c8503
_d8503